Prosodia castellana i versificación. Tomo tercero

Uloženo v:
Podrobná bibliografie
Hlavní autor: Benot, Eduardo (Autor)
Médium: Kniha
Jazyk:španělština
Vydáno: Madrid Juan Muñoz Sánchez, Editor, calle de Fúcar, núm. 3 1892
Vydání:1a. ed
Témata:
Tagy: Přidat tag
Žádné tagy, Buďte první, kdo vytvoří štítek k tomuto záznamu!

MARC

LEADER 00000nam a2200000 a 4500
001 UCJ7450
003 CL-VaPUC
008 070124e18920000SP |||||||||||||||||spa|d
082 0 4 |a 465  |b BEN  |2 21 
100 0 |a Benot, Eduardo  |e author  |9 515866 
245 1 0 |a Prosodia castellana i versificación. Tomo tercero 
250 |a 1a. ed 
300 |a 3 v 
942 |c BK 
945 |d 20070124 00:00:00  |a rinostro 
260 |a Madrid  |b Juan Muñoz Sánchez, Editor, calle de Fúcar, núm. 3  |c 1892 
500 |a En biblioteca sólo v. 3 
650 0 |a Métrica  |9 378367 
650 0 |a Prosodia  |9 334439 
650 7 |a MARCA TIPOGRAFICA  |2 CL-VaPUC  |9 506100 
583 |a last modification  |c 20070124 00:00:00  |k Rodrigo Vera 
999 |c 323534  |d 323532 
952 |0 0  |1 0  |4 0  |6 465_000000000000000_BEN_1892  |7 0  |8 X  |9 403218  |a FDOBUD  |b FDOBUD  |d 2019-11-22  |h v.3  |i 1017896  |o 465 BEN 1892  |p 1017896  |r 2019-11-22  |w 2019-11-22  |y BK_X  |k BUD